Statistics for Top 25 Transfers - Football Season 2018/19

Click here to take the quiz!

General Stats

  • This quiz has been taken 20 times
  • The average score is 21 of 25

Answer Stats

FromToNatPosFeePlayer% Correct
AS MonacoPSGFRAST€145.00mKylian Mbappé
100%
NapoliChelseaITACDM€57.00mJorginho
100%
Athletic BilbaoChelseaESPGK€80.00mKepa
100%
Real MadridJuventusPORLW€117.00mCristiano Ronaldo
100%
RomaLiverpoolBRAGK€62.50mAlisson
100%
LeipzigLiverpoolMLICM€60.00mNaby Keïta
100%
MonacoLiverpoolBRACDM€45.00mFabinho
100%
FC BayernJuventusBRARW€40.00mDouglas Costa
94%
FlamengoReal MadridBRALW€45.00mVinícius Júnior
94%
FC BarcelonaGZ EvergrandeBRACM€42.00mPaulinho
94%
Borussia DortmundChelseaUSALW€64.00mChristian Pulisic
94%
LeicesterManchester CityALGRW€67.80mRiyad Mahrez
94%
ShakhtarManchester UnitedBRACM€59.00mFred
89%
MonacoAtlético MadridFRALW€70.00mThomas Lemar
89%
SevillaFC BarcelonaFRACB€35.90mClément Lenglet
89%
ValenciaJuventusPORRB€40.40mJoão Cancelo
78%
BordeauxFC BarcelonaBRARW€41.00mMalcom
72%
WatfordEvertonBRAST€39.20mRicharlison
72%
Schalke 04PSGGERRB€37.00mThilo Kehrer
72%
LazioWest HamBRALW€38.00mFelipe Anderson
67%
SampdoriaRomaCZEST€42.00mPatrik Schick
56%
ZenitPSGARGCDM€40.00mLeandro Paredes
56%
PSGValenciaPORLW€40.00mGonçalo Guedes
50%
RomaInterBELCAM€38.00mRadja Nainggolan
50%
FlamengoMilanBRACAM€38.40mLucas Paquetá
39%

Score Distribution

Percentile by Number Answered

Percent of People with Each Score

Your Score History

You have not taken this quiz